000 00813nam a2200253Ia 4500
003 OSt
005 20220923212916.0
006 a|||||r|||| 00| 0
007 ta
008 220922b |||||||| |||| 00| 0 hin d
024 _a156,865
037 _cTextual
040 _aARTS
_cARTS
_bhin
041 _2hin
_ahin
082 _aO152:g, L0
100 _aप्रसाद, शिव नन्दन
245 0 _aसाहित्य के रूप और तत्व
246 _aSāhitya ke rūp aur tatva
260 _aपटना
_b पुस्तक भंडार
_c1970
300 _a194 पृ.
_ccm.
650 _aहिन्दी साहित्य
_9156264
942 _hO152:g, L0
_cTEXL
_2CC
999 _c312082
_d312082